[Event "Wch U16 Girls rapid"]
[Site "Rhodes"]
[Date "2022.05.01"]
[Round "1"]
[White "Berezovsky, Fiorina"]
[Black "Mihelic, Vesna"]
[Result "0-1"]
[WhiteElo "1435"]
[BlackElo "1924"]
[PlyCount "106"]
[EventDate "2022.05.01"]
[EventType "swiss (rapid)"]
[EventRounds "9"]
[EventCountry "GRE"]
[SourceTitle "CBM 208 Extra"]
[Source "ChessBase"]
[SourceDate "2022.07.31"]
[SourceVersion "1"]
[SourceVersionDate "2022.07.31"]
[SourceQuality "1"]

1. d4 d5 2. c4 e6 3. Nf3 Nf6 4. g3 dxc4 5. Bg2 Bb4+ 6. Bd2 a5 7. 0-0 0-0 8. a3 Bxd2 9. Nbxd2 b5 10. a4 c6 11. e3 Bb7 12. Ne5 Nd5 13. Qc2 Nd7 14. Ndf3 N7b6 15. axb5 cxb5 16. h4 f6 17. Ng4 Nb4 18. Qe2 Be4 19. Qd2 Qd5 20. Ne1 Bxg2 21. Nxg2 e5 22. Rad1 Rfd8 23. f4 exd4 24. exd4 Nd3 25. Qe3 Re8 26. Qd2 Qxd4+ 27. Kh2 Qxb2 28. Qxb2 Nxb2 29. Rd6 N6a4 30. f5 c3 31. Rc6 Rec8 32. Rxc8+ Rxc8 33. Rc1 c2 34. N4e3 Nd3 35. Rxc2 Rxc2 36. Nxc2 b4 37. Nge3 b3 38. Na3 Nc3 39. Nec4 a4 40. Nd2 Ne1 41. Kg1 Nc2 42. Ndc4 Nxa3 43. Nxa3 b2 44. Kf2 b1Q 45. Nxb1 Nxb1 46. Ke2 Nc3+ 47. Kd2 Nd5 48. Kc2 Nb6 49. Kc3 Kf7 50. g4 Ke7 51. Kb4 Kd6 52. g5 fxg5 53. hxg5 Ke5 0-1

[Event "EU-Cup Online Gr-D (Women)"]
[Site "Tornelo INT"]
[Date "2020.12.20"]
[Round "5.3"]
[White "Berezovsky, Fiorina"]
[Black "Olde, Grete"]
[Result "0-1"]
[WhiteElo "1665"]
[BlackElo "1915"]
[PlyCount "48"]
[EventDate "2020.12.19"]
[EventType "team-tourn (rapid)"]
[EventRounds "9"]
[EventCountry "ISS"]
[SourceTitle "CBM 199 Extra"]
[Source "ChessBase"]
[SourceDate "2021.01.31"]
[SourceVersion "1"]
[SourceVersionDate "2021.01.31"]
[SourceQuality "1"]
[WhiteTeam "Monte Carlo (W) III"]
[BlackTeam "Reval Sport (W)"]
[WhiteTeamCountry "MNC"]
[BlackTeamCountry "EST"]

1. d4 d5 2. Nf3 Nf6 3. e3 e6 4. c4 Be7 5. Be2 0-0 6. 0-0 b6 7. Nc3 Bb7 8. Ne5 c5 9. f4 Nc6 10. Bd3 Rc8 11. g4 cxd4 12. exd4 Nxd4 13. g5 Ne4 14. Qh5 Nf5 15. Rf3 g6 16. Qg4 Nxc3 17. bxc3 dxc4 18. Bxf5 Qd1+ 19. Kf2 exf5 20. Qh4 Bxf3 21. Nxf3 Bc5+ 22. Kg2 Qe2+ 23. Kh3 Qf1+ 24. Kg3 Bf2# 0-1

[Event "EU-Cup Online Gr-D (Women)"]
[Site "Tornelo INT"]
[Date "2020.12.19"]
[Round "3.2"]
[White "Berezovsky, Fiorina"]
[Black "Kordzadze, Nino"]
[Result "0-1"]
[WhiteElo "1665"]
[BlackElo "2015"]
[PlyCount "82"]
[EventDate "2020.12.19"]
[EventType "team-tourn (rapid)"]
[EventRounds "9"]
[EventCountry "ISS"]
[SourceTitle "CBM 199 Extra"]
[Source "ChessBase"]
[SourceDate "2021.01.31"]
[SourceVersion "1"]
[SourceVersionDate "2021.01.31"]
[SourceQuality "1"]
[WhiteTeam "Monte Carlo (W) III"]
[BlackTeam "Baden Erste Bank (W)"]
[WhiteTeamCountry "MNC"]
[BlackTeamCountry "AUT"]

1. d4 e6 2. e4 d5 3. e5 c5 4. c3 Nc6 5. Nf3 Bd7 6. Bb5 Qb6 7. a4 a6 8. Be2 cxd4 9. cxd4 Nge7 10. 0-0 Nf5 11. a5 Nxa5 12. Nc3 Rc8 13. Na4 Qc7 14. Bd2 Nc4 15. b3 Nxd2 16. Qxd2 Be7 17. b4 0-0 18. Rac1 Bc6 19. b5 axb5 20. Bxb5 Ra8 21. Bxc6 bxc6 22. Ra1 Rfb8 23. g4 Nh6 24. h3 f6 25. Rfe1 Bb4 26. Nc3 Rxa1 27. Rxa1 Nf7 28. Qe3 fxe5 29. dxe5 c5 30. Nxd5 exd5 31. e6 Nd6 32. e7 Ne4 33. Ng5 Qxe7 34. Qf4 Rf8 35. Ra8 Rxa8 36. Qf5 Qxg5 37. Qe6+ Kh8 38. Qc6 Rf8 39. f3 Qe3+ 40. Kh2 Qf2+ 41. Kh1 Ng3# 0-1

[Event "Wch FIDE Online U14 Girls Europe qual"]
[Site "Tornelo INT"]
[Date "2020.12.08"]
[Round "3"]
[White "Anacoglu, Cisel"]
[Black "Berezovsky, Fiorina"]
[Result "1-0"]
[WhiteElo "1405"]
[BlackElo "1413"]
[PlyCount "69"]
[EventDate "2020.12.07"]
[EventType "swiss (rapid)"]
[EventRounds "7"]
[EventCountry "ISS"]
[SourceTitle "EXT 2022"]
[Source "ChessBase"]
[SourceDate "2021.10.06"]
[SourceVersion "1"]
[SourceVersionDate "2021.10.06"]
[SourceQuality "1"]

1. e4 c5 2. Nf3 e6 3. d4 cxd4 4. Nxd4 a6 5. c4 Qc7 6. Nc3 Nc6 7. Be2 Nf6 8. Be3 Bb4 9. f3 0-0 10. 0-0 d6 11. Nb3 Rd8 12. Na4 Bc5 13. Qd2 Ne5 14. Rfd1 b6 15. Naxc5 bxc5 16. Bxc5 d5 17. cxd5 exd5 18. Rac1 Bb7 19. Qf4 Nh5 20. Qe3 Qb8 21. Bb6 Rd7 22. Nc5 Rd6 23. Nb3 Nc4 24. Bxc4 dxc4 25. Rxd6 Qxd6 26. Na5 Bc8 27. Nxc4 Qb4 28. b3 Be6 29. Bc5 Qb7 30. Nd6 Qd7 31. Nc4 Bxc4 32. bxc4 Rc8 33. Bd4 Qc6 34. c5 g6 35. Qb3 1-0

[Event "EU-ch Online U14 Girls"]
[Site "Tornelo INT"]
[Date "2020.09.19"]
[Round "4"]
[White "Helgadottir, Idunn"]
[Black "Berezovsky, Fiorina"]
[Result "0-1"]
[WhiteElo "1270"]
[BlackElo "1413"]
[PlyCount "116"]
[EventDate "2020.09.18"]
[EventType "swiss (rapid)"]
[EventRounds "9"]
[EventCountry "NET"]
[SourceTitle "EXT 2023"]
[Source "ChessBase"]
[SourceDate "2022.10.05"]
[SourceVersion "1"]
[SourceVersionDate "2022.10.05"]
[SourceQuality "1"]
[WhiteTeam "Island"]
[BlackTeam "Monaco"]
[WhiteTeamCountry "ISL"]
[BlackTeamCountry "MNC"]

1. d4 Nf6 2. Bf4 e6 3. Nf3 Bb4+ 4. c3 Be7 5. h3 c5 6. e3 d6 7. dxc5 dxc5 8. Ne5 Qxd1+ 9. Kxd1 Nbd7 10. Nxd7 Bxd7 11. Nd2 0-0 12. Nf3 Rfd8 13. Kc2 Nd5 14. Bh2 f6 15. Rd1 b5 16. c4 Nb4+ 17. Kb1 Bc6 18. Rc1 Be4+ 19. Ka1 Nc2+ 20. Kb1 Nxe3+ 21. Ka1 Nc2+ 22. Kb1 Nd4+ 23. Ka1 Nxf3 24. gxf3 Bxf3 25. Rg1 Rd2 26. Bg3 b4 27. h4 e5 28. Bh3 Rad8 29. b3 a5 30. Kb1 Ra8 31. Bf5 a4 32. bxa4 Rxa4 33. Bc2 Ra3 34. Bb3 Bc6 35. Rc2 Be4 36. Kb2 Bxc2 37. Bxc2 Rc3 38. Rc1 e4 39. Kb1 f5 40. Be5 Ra3 41. Rg1 g6 42. h5 g5 43. Bf4 Rxf2 44. Bxg5 Bxg5 45. Rxg5+ Kf7 46. h6 Rf1+ 47. Kb2 Ra6 48. Rg7+ Kf8 49. Rxh7 Kg8 50. Rc7 Rxh6 51. Rxc5 Rh2 52. Rc8+ Kf7 53. c5 Rff2 54. Kb3 Rxc2 55. c6 Rb2+ 56. Kc4 Rhc2+ 57. Kb5 e3 58. Rc7+ Kf6 0-1

[Event "EU-ch Online U14 Girls"]
[Site "Tornelo INT"]
[Date "2020.09.18"]
[Round "3"]
[White "Berezovsky, Fiorina"]
[Black "Tashkinova, Sofiia"]
[Result "0-1"]
[WhiteElo "1413"]
[BlackElo "1788"]
[PlyCount "106"]
[EventDate "2020.09.18"]
[EventType "swiss (rapid)"]
[EventRounds "9"]
[EventCountry "NET"]
[SourceTitle "EXT 2023"]
[Source "ChessBase"]
[SourceDate "2022.10.05"]
[SourceVersion "1"]
[SourceVersionDate "2022.10.05"]
[SourceQuality "1"]
[WhiteTeam "Monaco"]
[BlackTeam "Ukraine"]
[WhiteTeamCountry "MNC"]
[BlackTeamCountry "UKR"]

1. d4 d5 2. Nf3 Nf6 3. g3 c6 4. Bg2 Bf5 5. 0-0 e6 6. c4 Nbd7 7. Nh4 Bg6 8. Nxg6 hxg6 9. Bf4 Be7 10. Nd2 Qb6 11. Qb3 Nh5 12. Qxb6 Nxb6 13. c5 Nxf4 14. gxf4 Nd7 15. e4 Nf6 16. Bf3 Rh4 17. exd5 exd5 18. Nb3 Rxf4 19. Bg2 Rh4 20. Rae1 Kd7 21. Re2 Nh5 22. Rfe1 Bf6 23. a4 Rh8 24. h3 Nf4 25. Re3 Ne6 26. a5 Nxd4 27. Nxd4 Rxd4 28. b3 Rd2 29. b4 Rb2 30. Rf3 Rxb4 31. Rfe3 Rb5 32. R3e2 Rxc5 33. Rb1 Kc7 34. Re3 Rxa5 35. Rc1 Ra1 36. Rxa1 Bxa1 37. Ra3 Bd4 38. Rd3 Bf6 39. Ra3 a6 40. Rb3 Re8 41. Rb1 b5 42. Rc1 Kd6 43. Rd1 b4 44. Rb1 c5 45. Rd1 d4 46. Rc1 b3 47. Ra1 b2 48. Rxa6+ Ke7 49. Rb6 d3 50. Rb7+ Kf8 51. Bd5 Re1+ 52. Kg2 b1Q 53. Rxf7+ Ke8 0-1

[Event "EU-ch Online U14 Girls"]
[Site "Tornelo INT"]
[Date "2020.09.18"]
[Round "2"]
[White "Lappi, Aurora"]
[Black "Berezovsky, Fiorina"]
[Result "0-1"]
[WhiteElo "1180"]
[BlackElo "1413"]
[PlyCount "110"]
[EventDate "2020.09.18"]
[EventType "swiss (rapid)"]
[EventRounds "9"]
[EventCountry "NET"]
[SourceTitle "EXT 2023"]
[Source "ChessBase"]
[SourceDate "2022.10.05"]
[SourceVersion "1"]
[SourceVersionDate "2022.10.05"]
[SourceQuality "1"]
[WhiteTeam "Finland"]
[BlackTeam "Monaco"]
[WhiteTeamCountry "FIN"]
[BlackTeamCountry "MNC"]

1. d4 Nf6 2. c4 e6 3. Nf3 Bb4+ 4. Nc3 0-0 5. a3 Be7 6. e4 d6 7. Be2 Nbd7 8. 0-0 c5 9. d5 exd5 10. exd5 Nb6 11. b3 Bf5 12. Re1 Ne4 13. Nxe4 Bxe4 14. Bd3 Bxd3 15. Qxd3 Bf6 16. Rb1 Nd7 17. Bf4 Nb6 18. Re4 Nc8 19. b4 b6 20. bxc5 bxc5 21. Rb7 Nb6 22. h3 Qc8 23. Bxd6 Qxb7 24. Bxf8 Rxf8 25. Ne5 Bxe5 26. Rxe5 Nxc4 27. Qxc4 Qb1+ 28. Kh2 Qb2 29. Re2 Qxa3 30. Ra2 Qb4 31. Qxb4 cxb4 32. Rxa7 Rb8 33. d6 Kf8 34. d7 Ke7 35. Rc7 Kd8 36. Rc2 Kxd7 37. Rb2 b3 38. Kg3 Kc6 39. Kf3 Kc5 40. Ke2 Kb4 41. Kd2 Ka3 42. Rb1 b2 43. Kc2 Rc8+ 44. Kd3 Ka2 45. Rxb2+ Kxb2 46. Ke4 Rc2 47. Kf3 Kc3 48. g4 Kd4 49. Kg3 Ke4 50. f3+ Ke3 51. h4 Rf2 52. h5 Rxf3+ 53. Kh4 Kf4 54. g5 Rf1 55. h6 Rh1# 0-1

[Event "EU-ch U12 Girls"]
[Site "Bratislava"]
[Date "2019.08.09"]
[Round "8"]
[White "Lapushnian, Maya"]
[Black "Berezovsky, Fiorina"]
[Result "0-1"]
[WhiteElo "1356"]
[BlackElo "1564"]
[PlyCount "76"]
[EventDate "2019.08.02"]
[EventType "swiss"]
[EventRounds "9"]
[EventCountry "SVK"]
[SourceTitle "EXT 2020"]
[Source "ChessBase"]
[SourceDate "2019.10.17"]
[SourceVersion "1"]
[SourceVersionDate "2019.10.17"]
[SourceQuality "1"]

1. e4 c5 2. c3 d5 3. exd5 Qxd5 4. d4 e6 5. Nf3 Nf6 6. Bd3 cxd4 7. cxd4 Nc6 8. 0-0 Be7 9. Nc3 Qd8 10. h3 0-0 11. Be3 Nb4 12. Bb1 b6 13. a3 Nbd5 14. Nxd5 Qxd5 15. Qd3 h6 16. Bf4 a5 17. Be5 Ba6 18. Qd1 Bxf1 19. Qxf1 Ne4 20. Qe2 Nd6 21. Qd3 g6 22. Qe3 Kh7 23. Bf4 Nc4 24. Qe2 Rac8 25. Ba2 Qb5 26. Rd1 Nxa3 27. Qe4 Qxb2 28. Bxe6 fxe6 29. Qxe6 Qb4 30. Re1 Rce8 31. Qd7 Nb5 32. Re6 a4 33. Bd2 Qb1+ 34. Kh2 Qf5 35. Rxe7+ Rxe7 36. Qxe7+ Rf7 37. Qb4 a3 38. Ne5 a2 0-1

[Event "EU-ch U12 Girls"]
[Site "Bratislava"]
[Date "2019.08.07"]
[Round "6"]
[White "Putar, Lara"]
[Black "Berezovsky, Fiorina"]
[Result "1-0"]
[WhiteElo "1675"]
[BlackElo "1564"]
[PlyCount "79"]
[EventDate "2019.08.02"]
[EventType "swiss"]
[EventRounds "9"]
[EventCountry "SVK"]
[SourceTitle "EXT 2020"]
[Source "ChessBase"]
[SourceDate "2019.10.17"]
[SourceVersion "1"]
[SourceVersionDate "2019.10.17"]
[SourceQuality "1"]

1. c4 c5 2. Nc3 Nc6 3. Nf3 g6 4. e3 Bg7 5. d4 cxd4 6. exd4 d6 7. Be2 e6 8. 0-0 d5 9. cxd5 exd5 10. Re1 Nge7 11. Bg5 0-0 12. Bb5 f6 13. Bf4 Bg4 14. Be2 g5 15. Be3 Nf5 16. h3 Nxe3 17. fxe3 Be6 18. Nd2 f5 19. Nb3 b6 20. Bf3 Qd7 21. g4 fxg4 22. Bxg4 Rf6 23. Bxe6+ Qxe6 24. Qg4 Qf7 25. Rf1 Rf8 26. Rxf6 Bxf6 27. Rf1 Ne7 28. Qg2 Qe6 29. e4 dxe4 30. Nxe4 h6 31. h4 Qc6 32. hxg5 hxg5 33. d5 Bd4+ 34. Nxd4 Rxf1+ 35. Qxf1 Qg6 36. Nf6+ Kg7 37. Ne6+ Kf7 38. Nh7+ Ke8 39. Qf8+ Kd7 40. Qd8# 1-0

[Event "FRA-ch U12 Girls"]
[Site "Hyeres"]
[Date "2019.04.17"]
[Round "5"]
[White "Berezovsky, Fiorina"]
[Black "Gagua, Nani"]
[Result "0-1"]
[WhiteElo "1604"]
[BlackElo "1458"]
[PlyCount "54"]
[EventDate "2019.04.14"]
[EventType "swiss"]
[EventRounds "9"]
[EventCountry "FRA"]
[SourceTitle "CBM 190 Extra"]
[Source "ChessBase"]
[SourceDate "2019.07.15"]
[SourceVersion "1"]
[SourceVersionDate "2019.07.15"]
[SourceQuality "1"]

1. d4 Nf6 2. c4 e6 3. g3 Be7 4. Bg2 0-0 5. Nf3 d6 6. 0-0 Nbd7 7. Nc3 Nb6 8. b3 d5 9. Ne5 h6 10. c5 Nbd7 11. f4 Nxe5 12. fxe5 Nd7 13. e4 c6 14. exd5 exd5 15. b4 Bg5 16. Bf4 Qe7 17. Qe2 Re8 18. Qh5 Rf8 19. Rae1 Nb8 20. h4 Bxf4 21. gxf4 Kh7 22. f5 Rg8 23. Kh1 Na6 24. f6 gxf6 25. exf6 Qf8 26. Re7 Rg6 27. Qxg6+ Kxg6 0-1

[Event "FRA-ch U12 Girls"]
[Site "Hyeres"]
[Date "2019.04.15"]
[Round "2"]
[White "Bellahcene, Jenna"]
[Black "Berezovsky, Fiorina"]
[Result "0-1"]
[WhiteElo "1305"]
[BlackElo "1604"]
[PlyCount "174"]
[EventDate "2019.04.14"]
[EventType "swiss"]
[EventRounds "9"]
[EventCountry "FRA"]
[SourceTitle "CBM 190 Extra"]
[Source "ChessBase"]
[SourceDate "2019.07.15"]
[SourceVersion "1"]
[SourceVersionDate "2019.07.15"]
[SourceQuality "1"]

1. e4 c5 2. c3 d5 3. exd5 Qxd5 4. d4 e6 5. Nf3 Nc6 6. Be2 Nf6 7. 0-0 cxd4 8. cxd4 Be7 9. Nc3 Qd8 10. Be3 0-0 11. Qd2 b6 12. Rfd1 Bb7 13. Rac1 Nb4 14. Ne5 Nbd5 15. Bg5 Rc8 16. Bf3 a6 17. a3 b5 18. b4 a5 19. Na2 axb4 20. Nxb4 Qd6 21. Ned3 Nd7 22. Bxe7 Qxe7 23. Nxd5 Bxd5 24. Bxd5 exd5 25. Nb4 Nb6 26. Qd3 Qd7 27. Qf3 Rc4 28. Qd3 Rfc8 29. Rxc4 bxc4 30. Qc2 Re8 31. Kf1 Qe6 32. Na2 Qh6 33. h3 Qf4 34. Kg1 Qf6 35. Nc3 Qd6 36. Nb5 Qc6 37. Nc3 Nd7 38. a4 Nf6 39. Ra1 Ne4 40. Ne2 Qf6 41. Rf1 c3 42. Nxc3 Qc6 43. Rc1 Rc8 44. Nxe4 Qxc2 45. Rxc2 Rxc2 46. Nc5 Rc4 47. a5 Rxd4 48. Kf1 Rd1+ 49. Ke2 Ra1 50. a6 Ra5 51. Nd3 Rxa6 52. Ke3 Kf8 53. Kd4 Rd6 54. Nf4 Ke7 55. h4 h6 56. Nd3 g5 57. hxg5 hxg5 58. f4 f6 59. fxg5 fxg5 60. g3 Kf6 61. g4 Ke7 62. Ne5 Ke6 63. Nf3 Kf6 64. Ne5 Re6 65. Nd7+ Ke7 66. Ne5 Kd6 67. Nf7+ Ke7 68. Nxg5 Rg6 69. Nf3 Kd6 70. Ne5 Rg7 71. g5 Re7 72. Nf3 Re4+ 73. Kd3 Rg4 74. Ke3 Kc5 75. Kd2 d4 76. Ne5 Rxg5 77. Nd3+ Kc4 78. Nb2+ Kb3 79. Nd3 Rg2+ 80. Kd1 Kc3 81. Nf4 Rh2 82. Nd5+ Kc4 83. Nf4 d3 84. Ke1 Kd4 85. Kd1 Ke4 86. Ne6 Ke3 87. Kc1 d2+ 0-1

[Event "Wch U12 Girls"]
[Site "Santiago de Compostela"]
[Date "2018.11.04"]
[Round "1"]
[White "Ivanova, Dilyana"]
[Black "Berezovsky, Fiorina"]
[Result "0-1"]
[WhiteElo "1775"]
[BlackElo "1492"]
[PlyCount "116"]
[EventDate "2018.11.04"]
[EventType "swiss"]
[EventRounds "11"]
[EventCountry "ESP"]
[SourceTitle "EXT 2022"]
[Source "ChessBase"]
[SourceDate "2021.10.06"]
[SourceVersion "1"]
[SourceVersionDate "2021.10.06"]
[SourceQuality "1"]

1. e4 c5 2. Nf3 e6 3. d4 cxd4 4. Nxd4 a6 5. Bd3 Bc5 6. Nb3 Be7 7. 0-0 Nc6 8. Qe2 d6 9. c4 Nf6 10. Nc3 0-0 11. f4 Qc7 12. Kh1 b6 13. Bd2 Bb7 14. Rae1 Rfd8 15. Bb1 Nd7 16. Rf3 Bf6 17. Rh3 h6 18. Qg4 Kf8 19. Nc1 Na5 20. b3 Nc6 21. f5 Nde5 22. Qh5 Ke7 23. Nd3 Nxd3 24. Bxd3 Ne5 25. Bc2 Qc6 26. Bf4 b5 27. Qe2 bxc4 28. Bxe5 dxe5 29. bxc4 Rd4 30. Bb3 Rad8 31. Rd1 Bg5 32. Rhd3 Qc5 33. h3 Qb6 34. Na4 Qa7 35. c5 Bc6 36. Nb6 Bb5 37. Bc4 Bxc4 38. Nxc4 Qxc5 39. Rxd4 Rxd4 40. Rxd4 Qxd4 41. fxe6 fxe6 42. a3 Bf4 43. g4 Qc3 44. Qf1 g5 45. a4 Qc2 46. Qg1 Qxc4 47. Qa7+ Kf6 48. Qf2 Qxe4+ 49. Kg1 Qe3 50. Qxe3 Bxe3+ 51. Kg2 e4 52. Kf1 Ke5 53. Ke2 Kf4 54. a5 Bc5 55. Kf1 Kf3 56. Ke1 e3 57. Kf1 e2+ 58. Ke1 Bb4# 0-1